| 000 | 00575nam a2200193 i 4500 | ||
|---|---|---|---|
| 001 | 104683 | ||
| 003 | ES-MaACL | ||
| 005 | 20250820142634.0 | ||
| 007 | t| | ||
| 008 | 051207s1946 sp ||||1| spa d | ||
| 100 | 1 |
_aMira, Juan José. _981448 |
|
| 245 | 1 | 0 |
_aRita Suárez / _cJuan José Mira; [autolitografía y cabeceras Teodoro Miciano]. |
| 250 | _a[1ª ed.]. | ||
| 260 |
_aBarcelona : _bEdic. Astarté, _c1946. |
||
| 300 |
_a281 p. ; _c19 cm. |
||
| 700 | 1 |
_aMiciano, Teodoro, _d1903-1974 _980944 |
|
| 852 |
_aES-MaACL _jB-10567 _bR.22399 |
||
| 999 |
_c104683 _d104683 |
||